ნორმალური ფორმატი
MARC ფორმატი
ჩანაწერი Personal Name
ჩანაწერთა რაოდენობა, რომელიც გამოყენებულია: 1
001 - CONTROL NUMBER
- control field: 12022
003 - CONTROL NUMBER IDENTIFIER
- control field: GE_BSU
005 - DATE AND TIME OF LATEST TRANSACTION
- control field: 20210611124258.0
008 - FIXED-LENGTH DATA ELEMENTS
- fixed length control field: 210611|| aca||aabn | a|a d
040 ## - CATALOGING SOURCE
- Original cataloging agency: GE_BSU
- Transcribing agency: GE_BSU
100 ## - HEADING--PERSONAL NAME
- Personal name: Pennington, Bruce Franklin
- Dates associated with a name:
670 ## - SOURCE DATA FOUND
- Source citation: Work cat.: (GE_BSU)0: Pennington, Bruce Franklin , Diagnosing learning disorders :
